State Capitals Closest to New York City - Statistics

General Stats
  • This quiz has been taken 174 times
  • The average score is 9 of 10
Answer Stats
Distance from NYC State capital city % Correct
189.9 Boston
92%
52.6 (Miles) Trenton
92%
134.1 Dover
87%
154.4 Harrisburg
87%
100.0 Hartford
87%
134.6 Albany
86%
178.1 Annapolis
82%
155.1 Providence
82%
255.8 Montpelier
79%
213.9 Concord
78%
No matching quizzes found
Score Distribution
Percent of People with Each Score
Percentile by Number Answered
Your Score History
You have not taken this quiz